000 00710nam a2200241 a 4500
008
020 _a053845296X (pbk. )
049 _aMAIN
090 _aHD30.28
_bPAR
100 1 _aParboteeah, K. Praveen.
245 1 0 _aStrategic international management /
_cK. Praveen Paroteeah and John B. Cullen.
260 _aAustralia :
_bSouth western cengage learning,
_c2011.
300 _a5th ed.
300 _axxvi, 706 p. :
_bill. ;
_c26 cm.
500 _aIncludes index.
650 1 _aManagement.
700 _aCullen, John B.
907 _a.b10306936
_b12-07-12
_c03-02-12
003
005 20230123125401.0
040 _cNUST
942 _cBOOKS
_kHD30.28
_mPAR
999 _c140586
_d140586